书目信息 |
| 题名: |
气象与洪水
|
|
| 作者: | 叶守泽 主编 | |
| 分册: | ||
| 出版信息: | 武汉 武汉水利大学出版社 1999.06 |
|
| 页数: | 362页 | |
| 开本: | 32开 | |
| 丛书名: | ||
| 单 册: | ||
| 中图分类: | P339 | |
| 科图分类: | ||
| 主题词: | 水文学 | |
| 电子资源: | ||
| ISBN: | 7-81063-029-6 | |
| 000 | 00537nam0 2200193 45 | |
| 001 | 0009291942 | |
| 005 | 20001111151332.2 | |
| 010 | @a7-81063-029-6@d20.00元 | |
| 100 | @a20000929d1999 km y0chiy0120 ea | |
| 101 | 0 | @achi |
| 105 | @a z 000yy | |
| 200 | 1 | @a气象与洪水@AQi Xiang Yu Hong Shui@f叶守泽 主编@FYeShou Ze Zhu Bian |
| 210 | @a武汉@c武汉水利大学出版社@d1999.06 | |
| 215 | @a362页@d32开 | |
| 606 | 0 | @a水文学 |
| 690 | @aP339@v3 | |
| 701 | 0 | @a叶守泽@4主编 |
| 801 | @aCN@bPftUser@c20000929 | |
| 905 | @dP339@eP977@b401798-800@f3 | |
| 气象与洪水/叶守泽 主编.-武汉:武汉水利大学出版社,1999.06 |
| 362页;32开 |
| ISBN 7-81063-029-6:20.00元 |
| ● |
| 相关链接 |
|
|
|
正题名:气象与洪水
索取号:P339/P977
 
预约/预借
| 序号 | 登录号 | 条形码 | 馆藏地/架位号 | 状态 | 备注 |
| 1 | 401798 | 204017982 | 自科二线504/504自科库 47排3列2层/ [索取号:P339/P977] | 在馆 | |
| 2 | 401799 | 204017991 | 自科库401/401自科库 127排1列6层/ [索取号:P339/P977] | 在馆 | |
| 3 | 401800 | 204018008 | 期刊室512/401自科库 121排1列4层/ [索取号:P339/P977] | 在馆 |